Catálogo
 En Linea

Pergamins del monestir benedictí de Sant Pau del Camp de Barcelona : (Registro nro. 41345)

Detalles MARC
000 -CABECERA
campo de control de longitud fija 00841nam a2200205 a 4500
001 - NÚMERO DE CONTROL
campo de control 000041856
005 - FECHA Y HORA DE LA ÚLTIMA TRANSACCIÓN
campo de control 20201002035808.0
008 - DATOS DE LONGITUD FIJA--INFORMACIÓN GENERAL
campo de control de longitud fija 131016s2002 sp 001 0 spa d
020 ## - NÚMERO INTERNACIONAL ESTÁNDAR DEL LIBRO
Número Internacional Estándar del Libro 8400080289
040 ## - FUENTE DE LA CATALOGACIÓN
Centro catalogador/agencia de origen DO-SdBNP
Lengua de catalogación spa
Centro/agencia transcriptor BNPHU
100 1# - ENTRADA PRINCIPAL--NOMBRE DE PERSONA
Nombre de persona Mutgé Vives, Josefina
9 (RLIN) 68741
245 10 - MENCIÓN DE TÍTULO
Título Pergamins del monestir benedictí de Sant Pau del Camp de Barcelona :
Resto del título de l'Arxiu de la Corona d'Aragó (segles XII-XIV) /
Mención de responsabilidad, etc. Josefina Mutgé i Vives.
260 ## - PUBLICACIÓN, DISTRIBUCIÓN, ETC.
Lugar de publicación, distribución, etc. Barcelona :
Nombre del editor, distribuidor, etc. Institució Milà i Fontanals,
Fecha de publicación, distribución, etc. 2002.
300 ## - DESCRIPCIÓN FÍSICA
Extensión 361 p. : ;
Dimensiones 25 cm.
490 1# - MENCIÓN DE SERIE
Mención de serie Anuario de estudios medievales.
-- anex
Designación de volumen o secuencia 45
500 ## - NOTA GENERAL
Nota general Incluye índice
504 ## - NOTA DE BIBLIOGRAFÍA, ETC.
Nota de bibliografía, etc. Incluye referencias bibliográficas y notas al pie de las páginas
710 2# - PUNTO DE ACCESO ADICIONAL--NOMBRE DE ENTIDAD CORPORATIVA
Nombre de entidad corporativa o nombre de jurisdicción como elemento de entrada Institución Milá y Fontanals (Barcelona)
9 (RLIN) 68486
830 #0 - PUNTO DE ACCESO ADICIONAL DE SERIE-TÍTULO UNIFORME
Título uniforme Anuario de estudios medievales.
Nombre de parte o sección de la obra Anex;
Designación de volumen o secuencia 45
9 (RLIN) 68742
Existencias
Estado de retiro Estado de pérdida Restricciones de uso No para préstamo Código de colección Localización permanente Ubicación/localización actual Ubicación en estantería Fecha de adquisición Número de inventario Total de préstamos Signatura topográfica completa Código de barras Fecha visto por última vez Precio válido a partir de Tipo de ítem Koha
      Excluido de préstamo Monografías: Libros y Folletos General General En catalogación 18.10.2013 LF1   41856-10 25.06.2020 25.06.2020 No se presta

Con tecnología Koha